Loading...
| Science - Chemistry | 1 | 3 | 1 | 1 | 40 | 81 | 97.00 | 1 | 4 |
| Science - Chemistry | 0 | 3 | 0 | 1 | 30 | 91 | 105.33 | 0 | 2 |
| Science - Physics | 0 | 3 | 0 | 0 | 30 | 73 | 83.67 | 1 | 2 |
| Science - Physics | 0 | 3 | 1 | 0 | 25 | 82 | 91.00 | 0 | 3 |
| Science - Other Science | 0 | 2 | 0 | 1 | 20 | 109 | 118.50 | 0 | 1 |
| Science - Engineering | 0 | 2 | 0 | 0 | 20 | 96 | 102.00 | 0 | 2 |
| Science - Biology | 0 | 2 | 1 | 1 | 15 | 113 | 120.50 | 0 | 1 |
| History - American History | 1 | 0 | 0 | 0 | 15 | 81 | 81.00 | 0 | 1 |
| History - World History | 1 | 0 | 0 | 0 | 15 | 70 | 70.00 | 0 | 1 |
| History - World History | 1 | 0 | 0 | 0 | 15 | 48 | 48.00 | 1 | 1 |
| Science - Other Science | 0 | 2 | 1 | 1 | 15 | 83 | 111.50 | 1 | 2 |
| Science - Engineering | 0 | 1 | 0 | 0 | 10 | 102 | 102.00 | 0 | 1 |
| Other - Pop Culture | 0 | 1 | 0 | 0 | 10 | 107 | 107.00 | 1 | 1 |
| Other - Geo/CE | 0 | 1 | 0 | 0 | 10 | 98 | 98.00 | 0 | 0 |
| History - Euro History | 0 | 1 | 0 | 1 | 10 | 131 | 131.00 | 0 | 0 |
| History - Euro History | 0 | 1 | 0 | 0 | 10 | 116 | 116.00 | 0 | 0 |
| Arts - Other Arts | 0 | 1 | 0 | 1 | 10 | 138 | 138.00 | 0 | 0 |